Rent review arbitrations (Record no. 82071)
[ view plain ]
| 000 -LEADER | |
|---|---|
| fixed length control field | 01577cam a22002535a 4500 |
| 001 - CONTROL NUMBER | |
| control field | L149136 |
| 008 - FIXED-LENGTH DATA ELEMENTS--GENERAL INFORMATION | |
| fixed length control field | 100115s2009 xxk 000 0 eng d |
| 035 ## - SYSTEM CONTROL NUMBER | |
| System control number | (Sirsi) u149136 |
| 041 0# - LANGUAGE CODE | |
| Language code of text/sound track or separate title | eng |
| 100 1# - MAIN ENTRY--PERSONAL NAME | |
| Personal name | Bickford-Smith, Stephen |
| 245 00 - TITLE STATEMENT | |
| Title | Rent review arbitrations |
| Remainder of title | legal challenges to awards and how to avoid them |
| 260 ## - PUBLICATION, DISTRIBUTION, ETC. | |
| Date of publication, distribution, etc. | 2009 |
| 490 #0 - SERIES STATEMENT | |
| Series statement | Arbitration |
| Volume/sequential designation | 75(3) August 2009, 374-381(8) |
| 520 ## - SUMMARY, ETC. | |
| Summary, etc. | Rent review arbitration is alive and well. Outlines the methods of rent review arbitrations under the Arbitration Act 1996 and discusses separately the two main ways of challenging a rent review award: appeals on points of law under s69 of the Act and applications to have the award set aside or remitted under s68, which provides broader grounds of challenge but is subject to substantial limitations. Reviews the case law relevant to s68 challenges. Concludes that the courts will support arbitrators wherever possible but each case depends on its facts with financial stringency likely to intensify attempts to challenge awards in future. |
| 590 ## - LOCAL NOTE (RLIN) | |
| Local note | KA |
| 650 24 - SUBJECT ADDED ENTRY--TOPICAL TERM | |
| Topical term or geographic name entry element | ARBITRATION ACT 1996 S33(1)(a) |
| 650 24 - SUBJECT ADDED ENTRY--TOPICAL TERM | |
| Topical term or geographic name entry element | ARBITRATION ACT 1996 S34 |
| 650 24 - SUBJECT ADDED ENTRY--TOPICAL TERM | |
| Topical term or geographic name entry element | ARBITRATION ACT 1996 S68 |
| 650 24 - SUBJECT ADDED ENTRY--TOPICAL TERM | |
| Topical term or geographic name entry element | ARBITRATION ACT 1996 S69 |
| 651 #4 - SUBJECT ADDED ENTRY--GEOGRAPHIC NAME | |
| Geographic name | England and Wales |
| Chronological subdivision | 1543- |
| 690 ## - LOCAL SUBJECT ADDED ENTRY--TOPICAL TERM (OCLC, RLIN) | |
| Topical term or geographic name as entry element | MANAGEMENT- DISPUTE AVOIDANCE, MANAGEMENT AND RESOLUTION-DISPUTE MANAGEMENT AND RESOLUTION-ARBITRATION |
| 690 ## - LOCAL SUBJECT ADDED ENTRY--TOPICAL TERM (OCLC, RLIN) | |
| Topical term or geographic name as entry element | PROPERTY-COMMERCIAL PROPERTY-LEASEHOLD COMMERCIAL PROPERTY-COMMERCIAL LANDLORD AND TENANT-BUSINESS TENANCIES-RENT REVIEW (BUSINESS TENANCIES) |
| 942 ## - ADDED ENTRY ELEMENTS (KOHA) | |
| Suppress in OPAC | 0 |
| Withdrawn status | Lost status | Source of classification or shelving scheme | Damaged status | Not for loan | Home library | Current library | Shelving location | Date acquired | Total Checkouts | Full call number | Barcode | Date last seen | Copy number | Price effective from | Koha item type |
|---|---|---|---|---|---|---|---|---|---|---|---|---|---|---|---|
| Dewey Decimal Classification | London | London | Journals | 15/01/2010 | L149136 | 149136-1001 | 06/08/2019 | 1 | 06/08/2019 | Journal article |